[Event "ENG-ch U16"]
[Site "Torquay"]
[Date "2022.08.11"]
[Round "6"]
[White "Ali, Shahvez"]
[Black "Tomy, Jeff"]
[Result "1/2-1/2"]
[WhiteElo "1628"]
[BlackElo "1495"]
[PlyCount "82"]
[EventDate "2022.08.08"]
[EventType "swiss"]
[EventRounds "7"]
[EventCountry "ENG"]
[SourceTitle "EXT 2023"]
[Source "ChessBase"]
[SourceDate "2022.10.05"]
[SourceVersion "1"]
[SourceVersionDate "2022.10.05"]
[SourceQuality "1"]

1. d4 Nf6 2. Nf3 d5 3. c4 e6 4. g3 dxc4 5. Qa4+ Bd7 6. Qxc4 Bc6 7. Bg2 Be7 8. 0-0 0-0 9. Nc3 Nbd7 10. b3 Nb6 11. Qd3 Nbd5 12. Bb2 Bb4 13. Rfd1 a6 14. Ne5 Bd7 15. Nxd7 Qxd7 16. e4 Nxc3 17. Bxc3 Bxc3 18. Qxc3 c6 19. Rd3 Rfd8 20. Rad1 Rac8 21. a4 Qc7 22. a5 b6 23. axb6 Qxb6 24. Qc4 h6 25. Ra1 a5 26. Qc3 Ra8 27. Qd2 Qb5 28. Ra4 Qb6 29. d5 cxd5 30. exd5 exd5 31. Bxd5 Nxd5 32. Rxd5 Rxd5 33. Qxd5 Ra7 34. Re4 Kh7 35. h4 Qf6 36. Qd3 g6 37. Rf4 Qe6 38. h5 Rb7 39. hxg6+ fxg6 40. Rf8 Qxb3 41. Qd4 Rg7 1/2-1/2

[Event "ENG-ch U16"]
[Site "Torquay"]
[Date "2022.08.09"]
[Round "3"]
[White "Tomy, Jeff"]
[Black "Badacsonyi, Frankie"]
[Result "1/2-1/2"]
[WhiteElo "1495"]
[BlackElo "1825"]
[PlyCount "73"]
[EventDate "2022.08.08"]
[EventType "swiss"]
[EventRounds "7"]
[EventCountry "ENG"]
[SourceTitle "EXT 2023"]
[Source "ChessBase"]
[SourceDate "2022.10.05"]
[SourceVersion "1"]
[SourceVersionDate "2022.10.05"]
[SourceQuality "1"]

1. d4 Nf6 2. c4 e6 3. g3 Bb4+ 4. Bd2 Qe7 5. Nf3 Nc6 6. Nc3 Bxc3 7. Bxc3 Ne4 8. Bg2 Nxc3 9. bxc3 d6 10. 0-0 0-0 11. e4 e5 12. d5 Na5 13. Qe2 b6 14. Nd2 Bd7 15. Nb3 Nb7 16. f4 Rae8 17. f5 f6 18. Bf3 g6 19. g4 g5 20. h4 h6 21. Kf2 Kg7 22. Rh1 Rh8 23. Rh3 Rh7 24. Rah1 Reh8 25. Ke1 Kg8 26. Nd2 Be8 27. Qh2 Nc5 28. Ke2 Nd7 29. Nf1 Nf8 30. Ng3 Qd7 31. Qg2 Qa4 32. Kd3 b5 33. cxb5 Bxb5+ 34. Ke3 Qc4 35. Qc2 Qc5+ 36. Kd2 Qf2+ 37. Ne2 1/2-1/2

[Event "London Classic op 10th"]
[Site "London"]
[Date "2018.12.09"]
[Round "1"]
[White "Tomy, Jeff"]
[Black "Willmoth, Robert"]
[Result "0-1"]
[WhiteElo "1578"]
[BlackElo "2144"]
[PlyCount "64"]
[EventDate "2018.12.09"]
[EventType "swiss"]
[EventRounds "9"]
[EventCountry "ENG"]
[SourceTitle "CBM 187 Extra"]
[Source "ChessBase"]
[SourceDate "2018.11.04"]
[SourceVersion "1"]
[SourceVersionDate "2018.11.04"]
[SourceQuality "1"]

1. d4 Nf6 2. c4 e5 3. dxe5 Ng4 4. Nf3 Nc6 5. Bf4 Bb4+ 6. Bd2 Bc5 7. e3 Ngxe5 8. Nxe5 Nxe5 9. Bc3 Qe7 10. Be2 0-0 11. 0-0 a5 12. Nd2 Ra6 13. Nf3 Nxf3+ 14. Bxf3 Rh6 15. Qd5 d6 16. Qe4 Re6 17. Qg4 f5 18. Qg3 c6 19. h3 Bb6 20. Rad1 Bc7 21. Bh5 d5 22. Qf3 dxc4 23. Qe2 b5 24. a4 Ba6 25. axb5 cxb5 26. Bf3 b4 27. Bd2 c3 28. Qe1 cxd2 29. Qxd2 Bxf1 30. Bd5 Bb5 31. Qc2 Be5 32. Qb3 Re8 0-1

[Event "BCF-ch U12"]
[Site "Hull"]
[Date "2018.08.02"]
[Round "5"]
[White "Tomy, Jeff"]
[Black "Mishra, Amritanash"]
[Result "1-0"]
[WhiteElo "1683"]
[BlackElo "1412"]
[PlyCount "127"]
[EventDate "2018.07.29"]
[EventType "swiss"]
[EventRounds "7"]
[EventCountry "ENG"]
[SourceTitle "CBM 186 Extra"]
[Source "ChessBase"]
[SourceDate "2018.08.24"]
[SourceVersion "1"]
[SourceVersionDate "2018.08.24"]
[SourceQuality "1"]

1. d4 d5 2. Nf3 e6 3. g3 Nf6 4. c4 Bb4+ 5. Bd2 Bd6 6. Bg5 h6 7. Bxf6 Qxf6 8. Qc2 dxc4 9. Qxc4 a6 10. Bg2 b5 11. Qc2 Bb7 12. 0-0 0-0 13. Nbd2 Nd7 14. e4 e5 15. d5 Rfc8 16. Nb3 a5 17. a4 b4 18. Nfd2 Nb6 19. Rfe1 c5 20. Nc4 Nxc4 21. Qxc4 Ba6 22. Qc2 Bb7 23. Nd2 Ba6 24. Bf1 Qd8 25. Bxa6 Rxa6 26. Nc4 f6 27. b3 Kh8 28. Qe2 Ra7 29. Rec1 Qe7 30. Ra2 Qf8 31. Rac2 Be7 32. f4 exf4 33. gxf4 g5 34. Qf3 gxf4 35. Qxf4 Ra6 36. Rg2 Bd6 37. Nxd6 Rxd6 38. Rg6 Kh7 39. Rf1 Re8 40. Qf5 Kh8 41. Qh5 Kh7 42. Rxh6+ Qxh6 43. Qxe8 Qe3+ 44. Kh1 Qe2 45. Qe7+ Kh8 46. Qf8+ Kh7 47. Qe7+ Kh8 48. Rxf6 Qe1+ 49. Kg2 Qe2+ 50. Kg3 Qe1+ 51. Kf4 Qf2+ 52. Ke5 Qxh2+ 53. Rf4 Rg6 54. Qh4+ Qxh4 55. Rxh4+ Kg7 56. d6 Kf7 57. Rf4+ Ke8 58. Kd5 Kd7 59. Rf7+ Ke8 60. Re7+ Kd8 61. e5 Rg4 62. Rf7 c4 63. Kc6 cxb3 64. Rf8# 1-0

[Event "GBR-ch Major 105th"]
[Site "Hull"]
[Date "2018.07.28"]
[Round "1"]
[White "Royal, Shreyas"]
[Black "Tomy, Jeff"]
[Result "1-0"]
[WhiteElo "1927"]
[BlackElo "1683"]
[PlyCount "103"]
[EventDate "2018.07.28"]
[EventType "swiss"]
[EventRounds "9"]
[EventCountry "ENG"]
[SourceTitle "CBM 185 Extra"]
[Source "ChessBase"]
[SourceDate "2018.07.29"]
[SourceVersion "1"]
[SourceVersionDate "2018.07.29"]
[SourceQuality "1"]

1. d4 Nf6 2. c4 g6 3. Nc3 Bg7 4. e4 d6 5. Nge2 0-0 6. Ng3 e5 7. d5 a5 8. Be2 Na6 9. h4 h5 10. Bg5 Qe8 11. Qd2 Nc5 12. Bh6 Ng4 13. Bxg7 Kxg7 14. f3 Nf6 15. Qg5 Rh8 16. 0-0-0 Bd7 17. Rdg1 Qd8 18. Nf1 Nh7 19. Qd2 Nf6 20. Qe3 Ne8 21. Qf2 Nf6 22. Nd2 Qc8 23. Qe1 Rb8 24. Qd1 b6 25. Kc2 Ra8 26. g4 Kf8 27. g5 Ng8 28. f4 Qe8 29. Rf1 Kg7 30. f5 Qc8 31. fxg6 fxg6 32. Rf3 Rh7 33. Rhf1 Kh8 34. R1f2 Bg4 35. Rg3 Bh3 36. Qh1 Bd7 37. Qf1 Qe8 38. Rgf3 Qe7 39. Rf7 Rxf7 40. Rxf7 Qd8 41. Bxh5 gxh5 42. g6 Nf6 43. Rxf6 Qg8 44. Nf3 Qg7 45. Ng5 Kg8 46. Ne6 Bxe6 47. dxe6 Rf8 48. Rf7 Rxf7 49. exf7+ Kf8 50. Qf5 Qh6 51. Qc8+ Ke7 52. Nd5# 1-0

[Event "Basingstoke Spring Bank op U1825"]
[Site "Basingstoke"]
[Date "2018.05.26"]
[Round "2.6"]
[White "Tomy, Jeff"]
[Black "Chilton, James I"]
[Result "1-0"]
[WhiteElo "1536"]
[BlackElo "1749"]
[PlyCount "71"]
[EventDate "2018.05.25"]
[EventType "swiss"]
[EventRounds "7"]
[EventCountry "ENG"]
[SourceTitle "EXT 2023"]
[Source "ChessBase"]
[SourceDate "2022.10.05"]
[SourceVersion "1"]
[SourceVersionDate "2022.10.05"]
[SourceQuality "1"]

1. d4 Nf6 2. c4 e6 3. g3 d5 4. Nf3 c6 5. Nc3 Ne4 6. Bg2 Be7 7. 0-0 0-0 8. Qc2 f5 9. Ne5 Nd7 10. Nxd7 Bxd7 11. c5 Bf6 12. Rd1 e5 13. Nxe4 fxe4 14. dxe5 Bxe5 15. Qb3 Qf6 16. Rf1 Bf5 17. e3 Rf7 18. f4 Bb8 19. Bd2 h5 20. h3 g5 21. Bc3 Qg6 22. Kh2 h4 23. gxh4 gxf4 24. exf4 Be6 25. Bd2 d4 26. Qc2 Bf5 27. Rg1 d3 28. Qc4 Kf8 29. Bxe4 Qe6 30. Qxe6 Bxe6 31. Bxd3 Bxf4+ 32. Bxf4 Rxf4 33. Kg3 Rd4 34. Raf1+ Kg7 35. Kh2+ Kh8 36. Rf6 1-0

[Event "London Weekend U1800 7th"]
[Site "London"]
[Date "2015.12.05"]
[Round "2.20"]
[White "Lim, Yu Chin"]
[Black "Tomy, Jeff"]
[Result "1-0"]
[WhiteElo "1678"]
[BlackElo "1472"]
[PlyCount "123"]
[EventDate "2015.12.04"]
[EventType "swiss"]
[EventRounds "5"]
[EventCountry "ENG"]
[SourceTitle "EXT 2023"]
[Source "ChessBase"]
[SourceDate "2022.10.05"]
[SourceVersion "1"]
[SourceVersionDate "2022.10.05"]
[SourceQuality "1"]

1. e4 c5 2. Nf3 Nc6 3. d4 cxd4 4. Nxd4 Nf6 5. Nc3 e5 6. Ndb5 d6 7. Nd5 Nxd5 8. exd5 Ne7 9. Be2 Nf5 10. 0-0 a6 11. Nc3 Be7 12. Bd3 Bg5 13. Qh5 Bxc1 14. Raxc1 g6 15. Qf3 0-0 16. Bxf5 Bxf5 17. Qe2 Rc8 18. Nd1 Qa5 19. Ne3 Bd7 20. a3 Qc5 21. c4 b5 22. b4 Qb6 23. Rc2 bxc4 24. Nxc4 Rxc4 25. Qxc4 Bb5 26. Qc3 Bxf1 27. Kxf1 Qb5+ 28. Qc4 Qb6 29. Qd3 Kg7 30. Rc6 Qd4 31. Qxd4 exd4 32. Ke2 Kf6 33. Rxd6+ Ke5 34. Rd7 Rc8 35. Kd2 Rc3 36. d6 Rxa3 37. Rxf7 Kxd6 38. Rxh7 Ra2+ 39. Kd3 Rxf2 40. g3 Ke5 41. Re7+ Kf6 42. Ra7 Ra2 43. Kxd4 Ra4 44. Kc5 Kg5 45. Rh7 Kf6 46. Rh4 Kg5 47. Rd4 Kf5 48. Kd5 Kg5 49. Ke4 Kh5 50. Kd3 Ra3+ 51. Kc4 Kg5 52. Kc5 Ra4 53. Rd8 Kg4 54. Rh8 Kg5 55. Rh4 Kf5 56. Kd5 g5 57. Rd4 a5 58. g4+ Kg6 59. b5 Rxd4+ 60. Kxd4 a4 61. b6 a3 62. Kc3 1-0

[Event "BCF-ch U11"]
[Site "Coventry"]
[Date "2015.07.31"]
[Round "6"]
[White "Tomy, Jeff"]
[Black "Rushbrooke, Remy"]
[Result "1/2-1/2"]
[WhiteElo "1454"]
[BlackElo "1663"]
[PlyCount "148"]
[EventDate "2015.07.27"]
[EventType "swiss"]
[EventRounds "7"]
[EventCountry "ENG"]
[SourceTitle "EXT 2016"]
[Source "ChessBase"]
[SourceDate "2015.10.08"]
[SourceVersion "1"]
[SourceVersionDate "2015.10.08"]
[SourceQuality "1"]

1. d4 Nf6 2. c4 c5 3. d5 b5 4. a4 b4 5. Nd2 d6 6. e4 g6 7. b3 Bb7 8. Bb2 Nbd7 9. f4 e5 10. fxe5 Nh5 11. e6 Qh4+ 12. g3 Nxg3 13. exd7+ Kxd7 14. Ngf3 Qh6 15. hxg3 Qxh1 16. Bxh8 Bh6 17. Bb2 f5 18. exf5 Re8+ 19. Be5 Bxd2+ 20. Kxd2 dxe5 21. Be2 Qh6+ 22. Kc2 e4 23. Nd2 Qg7 24. Rc1 Rf8 25. Nxe4 Qe7 26. Bd3 gxf5 27. d6 Qe5 28. Nf2 Qd4 29. Qd2 f4 30. g4 Bc6 31. Rd1 Qf6 32. Bf5+ Kd8 33. Nd3 Re8 34. d7 Re3 35. Kb1 h5 36. Nxc5 hxg4 37. Qxe3 Qxf5+ 38. Qd3 Qxc5 39. Qg6 Bxd7 40. Qxg4 Qc7 41. Kc2 Kc8 42. Qg8+ Kb7 43. Qf7 Bh3 44. Qxc7+ Kxc7 45. Rd3 Bg2 46. Rd2 f3 47. Kd3 Kc6 48. Kd4 Bh1 49. c5 Bg2 50. Rf2 Bh1 51. Kc4 a5 52. Rd2 Bg2 53. Rd6+ Kc7 54. Kb5 f2 55. Rf6 f1Q+ 56. Rxf1 Bxf1+ 57. Kxa5 Kc6 58. Kxb4 Be2 59. Ka5 Kxc5 60. b4+ Kc6 61. b5+ Kb7 62. Kb4 Bf1 63. Kc5 Be2 64. b6 Bf1 65. a5 Ba6 66. Kd6 Bb5 67. Kc5 Ba6 68. Kd6 Bb5 69. Kc5 Ba6 70. Kd6 Bb5 71. Ke7 Bf1 72. Kd8 Bg2 73. Kd7 Ka6 74. Kc7 Kxa5 1/2-1/2

[Event "BCF-ch U11"]
[Site "Coventry"]
[Date "2015.07.28"]
[Round "2"]
[White "Tomy, Jeff"]
[Black "Guha, Chirag"]
[Result "0-1"]
[WhiteElo "1454"]
[BlackElo "1654"]
[PlyCount "90"]
[EventDate "2015.07.27"]
[EventType "swiss"]
[EventRounds "7"]
[EventCountry "ENG"]
[SourceTitle "EXT 2016"]
[Source "ChessBase"]
[SourceDate "2015.10.08"]
[SourceVersion "1"]
[SourceVersionDate "2015.10.08"]
[SourceQuality "1"]

1. d4 d5 2. Nf3 Nf6 3. c4 c6 4. Nc3 dxc4 5. a4 Bf5 6. Ne5 e6 7. Nxc4 Nbd7 8. Bf4 Nb6 9. e3 Nxc4 10. Bxc4 Bb4 11. 0-0 0-0 12. Qb3 a5 13. Bg5 h6 14. Bh4 g5 15. Bg3 Qe7 16. Be5 Ne4 17. Rfd1 Rfe8 18. Bd3 Nd6 19. Bxd6 Bxd6 20. Bxf5 exf5 21. Rac1 Qc7 22. Nd5 Bxh2+ 23. Kf1 Qd6 24. Nb6 Rad8 25. g3 Bxg3 26. fxg3 Qxg3 27. Rc3 Qf3+ 28. Ke1 Qe4 29. Kd2 f4 30. Re1 fxe3+ 31. Rcxe3 Qxd4+ 32. Rd3 Qf2+ 33. Kc3 Qxe1+ 34. Kc4 Qe4+ 35. Kc5 Re5+ 36. Nd5 Rexd5+ 37. Rxd5 Qxd5+ 38. Qxd5 Rxd5+ 39. Kb6 Rd4 40. b3 Rd7 41. Kxa5 g4 42. b4 g3 43. b5 cxb5 44. axb5 g2 45. b6 g1Q 0-1

[Event "BCF-ch U09"]
[Site "Coventry"]
[Date "2015.07.26"]
[Round "4"]
[White "Radhakrishnan, Dhruv"]
[Black "Tomy, Jeff"]
[Result "1/2-1/2"]
[WhiteElo "1469"]
[BlackElo "1454"]
[PlyCount "121"]
[EventDate "2015.07.26"]
[EventType "swiss"]
[EventRounds "6"]
[EventCountry "ENG"]
[SourceTitle "EXT 2016"]
[Source "ChessBase"]
[SourceDate "2015.10.08"]
[SourceVersion "1"]
[SourceVersionDate "2015.10.08"]
[SourceQuality "1"]

1. e4 c5 2. Nf3 Nc6 3. d4 cxd4 4. Nxd4 Nf6 5. Nc3 e5 6. Ndb5 d6 7. Bg5 a6 8. Na3 b5 9. Bxf6 gxf6 10. Nd5 f5 11. c4 b4 12. Nc2 a5 13. Bd3 fxe4 14. Bxe4 Bb7 15. Qf3 Bg7 16. 0-0 0-0 17. Qh3 h6 18. Qf5 Re8 19. f4 Bc8 20. Qh5 Qd7 21. Nb6 Qa7 22. c5 Rb8 23. Bxc6 Re7 24. Kh1 Be6 25. f5 Bxa2 26. f6 Bxf6 27. Rxf6 dxc5 28. Rxh6 f5 29. Rh8+ Kg7 30. Qh6+ Kf7 31. Rh7+ Kg8 32. Qg6+ Rg7 33. Rxg7+ Qxg7 34. Qxg7+ Kxg7 35. Nc4 Bxc4 36. Rxa5 Rd8 37. h3 Rd2 38. Ne3 Bd3 39. Rxc5 Rxb2 40. Rxe5 b3 41. Nxf5+ Kf6 42. Re3 Bxf5 43. g4 Rb1+ 44. Kg2 Bc2 45. h4 b2 46. g5+ Kg7 47. Re7+ Kf8 48. Re8+ Kf7 49. Rb8 Bd3 50. Bd5+ Kg6 51. Ba2 Be4+ 52. Kf2 Rh1 53. Rb6+ Kf5 54. Rf6+ Kg4 55. Be6+ Kxh4 56. Rh6+ Kxg5 57. Rxh1 Bxh1 58. Ba2 Bd5 59. Bb1 Kf4 60. Ke2 Be4 61. Ba2 1/2-1/2

[Event "London Golders Green op U1900 5th"]
[Site "London"]
[Date "2015.01.18"]
[Round "5"]
[White "Tomy, Jeff"]
[Black "Jacob, Sydney J"]
[Result "0-1"]
[WhiteElo "1400"]
[BlackElo "1882"]
[PlyCount "62"]
[EventDate "2015.01.17"]
[EventType "swiss"]
[EventRounds "5"]
[EventCountry "ENG"]
[SourceTitle "EXT 2018"]
[Source "ChessBase"]
[SourceDate "2017.10.13"]
[SourceVersion "1"]
[SourceVersionDate "2017.10.13"]
[SourceQuality "1"]

1. d4 g6 2. c4 Bg7 3. Nc3 c5 4. e3 Nf6 5. Nf3 0-0 6. Be2 d5 7. dxc5 dxc4 8. 0-0 Nbd7 9. Bxc4 Nxc5 10. Qd4 Nfe4 11. Qxd8 Rxd8 12. Nxe4 Nxe4 13. Bb3 Bg4 14. Nh4 Nd2 15. Bxd2 Rxd2 16. Rac1 Be2 17. Rfe1 Bf6 18. Nf3 Bxf3 19. gxf3 Rad8 20. Rc7 e6 21. Rxb7 Rxb2 22. Rxa7 Rdd2 23. Ra8+ Kg7 24. Rf1 Bh4 25. Kg2 Bxf2 26. Kh3 Bxe3 27. Rh1 Bf4 28. Ra7 Kf6 29. Ra6 Rxh2+ 30. Rxh2 Rxh2+ 31. Kg4 g5 0-1

[Event "London Golders Green op U1900 5th"]
[Site "London"]
[Date "2015.01.17"]
[Round "1"]
[White "Harrington, James P"]
[Black "Tomy, Jeff"]
[Result "1-0"]
[WhiteElo "1632"]
[BlackElo "1400"]
[PlyCount "57"]
[EventDate "2015.01.17"]
[EventType "swiss"]
[EventRounds "5"]
[EventCountry "ENG"]
[SourceTitle "EXT 2018"]
[Source "ChessBase"]
[SourceDate "2017.10.13"]
[SourceVersion "1"]
[SourceVersionDate "2017.10.13"]
[SourceQuality "1"]

1. c4 Nf6 2. Nc3 g6 3. g3 Bg7 4. Bg2 0-0 5. e4 d6 6. d3 c5 7. Nge2 Nc6 8. 0-0 Bg4 9. h3 Bxe2 10. Nxe2 Qb6 11. Be3 Rab8 12. Qd2 Qb4 13. Nc3 Nd7 14. Kh2 Bxc3 15. bxc3 Qa5 16. f4 b5 17. e5 Qa6 18. d4 cxd4 19. cxd4 dxe5 20. fxe5 bxc4 21. Bh6 Rfd8 22. Qf4 f6 23. g4 Rb2 24. exf6 Nxf6 25. Qe3 Rxd4 26. Qe6+ Kh8 27. Qf7 Nxg4+ 28. hxg4 Rxg2+ 29. Kh1 1-0

[Event "Hampstead op U2200 11-B"]
[Site "Hampstead"]
[Date "2013.12.01"]
[Round "4"]
[White "Johnson, Elizabeth"]
[Black "Tomy, Jeff"]
[Result "1-0"]
[WhiteElo "1234"]
[BlackElo "1378"]
[PlyCount "89"]
[EventDate "2013.11.30"]
[EventType "swiss"]
[EventRounds "5"]
[EventCountry "ENG"]
[SourceTitle "EXT 2015"]
[Source "ChessBase"]
[SourceDate "2014.11.20"]
[SourceVersion "1"]
[SourceVersionDate "2014.11.20"]
[SourceQuality "1"]

1. e4 d6 2. d4 Nf6 3. Nc3 g6 4. Nf3 Bg7 5. Bc4 0-0 6. 0-0 Nxe4 7. Nxe4 d5 8. Bd3 dxe4 9. Bxe4 Nc6 10. Bxc6 bxc6 11. Bg5 Re8 12. Re1 Kf8 13. Qd2 Kg8 14. Bh6 Bh8 15. Qf4 Be6 16. Ng5 Bd5 17. b3 Qd6 18. Qg4 c5 19. h4 Bxd4 20. Rad1 Qb6 21. c4 Bb7 22. Qf4 f6 23. Ne6 Qc6 24. Qg4 f5 25. Qg3 Bf6 26. Nxc7 Bxh4 27. Qh2 g5 28. Nxe8 Rxe8 29. g3 Bxg3 30. fxg3 Qf6 31. Qh5 Rc8 32. Qxg5+ Kf7 33. Qxf6+ Kxf6 34. Rd2 Rg8 35. Bf4 h5 36. Be5+ Kf7 37. Kh2 Ba8 38. Rd7 a6 39. Bd6 h4 40. Rexe7+ Kg6 41. gxh4 Rh8 42. Re6+ Kh5 43. Re3 Kxh4 44. Rh3+ Kg4 45. Rxh8 1-0

[Event "Hampstead op U2200 11-B"]
[Site "Hampstead"]
[Date "2013.11.30"]
[Round "1"]
[White "Tomy, Jeff"]
[Black "Young, Alwyn"]
[Result "0-1"]
[WhiteElo "1378"]
[BlackElo "1890"]
[PlyCount "58"]
[EventDate "2013.11.30"]
[EventType "swiss"]
[EventRounds "5"]
[EventCountry "ENG"]
[SourceTitle "EXT 2015"]
[Source "ChessBase"]
[SourceDate "2014.11.20"]
[SourceVersion "1"]
[SourceVersionDate "2014.11.20"]
[SourceQuality "1"]

1. e4 e6 2. d4 d5 3. e5 c5 4. Qg4 cxd4 5. Nf3 Nc6 6. a3 Qb6 7. Bd3 g6 8. 0-0 Bg7 9. Qg3 Nge7 10. Nbd2 a5 11. a4 0-0 12. b3 Re8 13. Bb2 Nf5 14. Bxf5 exf5 15. Rfe1 Bd7 16. Rad1 Qc7 17. Bxd4 Nxd4 18. Nxd4 Bxe5 19. Qd3 Bxh2+ 20. Kh1 Be5 21. N2f3 Bg7 22. Ne2 Bc6 23. Ng5 h6 24. Nf3 Re7 25. Rg1 Rae8 26. Nf4 Qxf4 27. Rgf1 d4 28. Nxd4 Rd7 29. Ne2 Qh4+ 0-1

[Event "Hampstead op U2200 04"]
[Site "Hampstead"]
[Date "2013.04.21"]
[Round "5"]
[White "Balouka Myers, Gabriel"]
[Black "Tomy, Jeff"]
[Result "1-0"]
[WhiteElo "1528"]
[BlackElo "1170"]
[PlyCount "41"]
[EventDate "2013.04.20"]
[EventType "swiss"]
[EventRounds "5"]
[EventCountry "ENG"]
[SourceTitle "EXT 2014"]
[Source "ChessBase"]
[SourceDate "2013.11.20"]
[SourceVersion "1"]
[SourceVersionDate "2013.11.20"]
[SourceQuality "1"]

1. d4 Nf6 2. c4 g6 3. Nc3 Bg7 4. e4 0-0 5. f3 d6 6. Be3 Nbd7 7. Qd2 c6 8. Nge2 Qc7 9. Ng3 e5 10. d5 cxd5 11. cxd5 a6 12. Bh6 b5 13. b4 Re8 14. Rc1 Qb6 15. Nf5 Bh8 16. Qg5 Qd8 17. Nxd6 Re7 18. Nf5 Re8 19. d6 Nh5 20. Qxd8 Rxd8 21. Ne7# 1-0